000 00612nam a2200229 a 4500
008
020 _a0340781483 (pbk.)
049 _aMAIN
090 _aPN4712
100 1 _aPridmore, Geoff
245 1 0 _aJournalism /
_cGeoff Pridmore.
260 _aLondon :
_bHodder & Stoughton,
_c2000.
300 _avii, 214 p. :
_bill. ;
_c20 cm.
440 _aTeach yourself series.
500 _aIncludes index.
650 1 _aJournalism.
907 _a.b10113381
_b29-09-05
_c27-02-04
003
005 20230123133637.0
040 _cNUST
942 _cBOOKS
_kPN4712
999 _c152154
_d152154